00261nam a22001097a 4500008004100000020001800041041000800059080001500067100000700082101000800089245005400097180129b xxu||||| |||| 00| 0 eng d a9780321194756 aeng 24 eda36 a46 aedu athe scribner handbook for writers crobert.d